[Event "28. Offene Internationale Bayerische Schachmeisterschaft"]
[Site "Gmund am Tegernsee"]
[Date "2025.11.04"]
[Round "4"]
[Board "36"]
[White "Aamuktha, Guntaka"]
[Black "Hess, Max"]
[Result "1/2-1/2"]
[WhiteElo "2161"]
[BlackElo "2403"]
[PlyCount "0"]
[EventDate "2025.11.01"]
[EventRounds "9"]
[EventCountry "GER"]

1. e4 c5 2. Nf3 Nc6 3. d4 cxd4 4. Nxd4 Nf6 5. Nc3 e5 6. Ndb5 d6 7. Bg5 a6 8. Na3
b5 9. Bxf6 gxf6 10. Nd5 Bg7 11. Bd3 Ne7 12. Nxe7 Qxe7 13. c4 f5 14. O-O O-O 15. Re1
fxe4 16. Bxe4 Rb8 17. cxb5 axb5 18. Qd3 f5 19. Bd5+ Kh8 20. Nxb5 e4 21. Qe2 Ba6 22.
a4 Qe5 23. Rad1 Rfc8 24. f3 Rc5 25. fxe4 fxe4 26. Qxe4 Bxb5 27. axb5 Qxe4 28. Rxe4
Rcxb5 29. b3 Be5 30. Bc4 R5b7 31. Re3 Ra7 32. Rf3 Kg7 33. Rdf1 Rd7 34. Rf5 h6 35.
g3 Ra8 36. b4 Rc7 37. Bd3 Ra3 38. R5f3 Rb3 39. b5 Rb2 40. Kh1 Ra7 41. Rf8 Rb4 42.
Rc8 Rf7 43. Rfc1 Rb2 44. R8c2 Rxc2 45. Rxc2 Bd4 46. Kg2 Kf6 47. Be4 Ra7 48. Bc6 Ra3
49. Re2 Rb3 50. Re4 Be5 51. Kh3 Rb2 52. Rh4 Kg6 53. Be8+ Kg7 54. Rg4+ Kf8 55. Bc6
Kf7 56. Bd5+ Kf6 57. Be4 Bd4 58. Rg6+ Ke5 59. Bg2 Be3 60. Rg8 Rxb5 61. Re8+ Kd4 62.
Re4+ Kd3 63. Bf1+ Kxe4 64. Bxb5 d5 65. Bc6 Ke5 66. Kg4 d4  1/2-1/2

[Event "28. Offene Internationale Bayerische Schachmeisterschaft"]
[Site "Gmund am Tegernsee"]
[Date "2025.11.04"]
[Round "4"]
[Board "37"]
[White "Thibous, Mathis"]
[Black "Kuegel, Tobias"]
[Result "1/2-1/2"]
[WhiteElo "2160"]
[BlackElo "2391"]
[PlyCount "0"]
[EventDate "2025.11.01"]
[EventRounds "9"]
[EventCountry "GER"]

1. e4 c5 2. Nf3 d6 3. g3 g6 4. Bg2 Bg7 5. d4 cxd4 6. Nxd4 Nc6 7. Be3 Nf6 8. h3 O-O
9. Nc3 Bd7 10. O-O Ne5 11. a4 Rc8 12. Nde2 Qa5 13. Ra2 Nc4 14. Bc1 Qh5 15. Nf4 Qxd1
16. Rxd1 Rfe8 17. Ncd5 Nxd5 18. Nxd5 Nb6 19. Nxb6 axb6 20. b3 b5 21. axb5 Bxb5 22.
c4 Bc6 23. Be3 b5 24. Ra7 bxc4 25. bxc4 Kf8 26. Rc1 Ra8 27. Rxa8 Rxa8  1/2-1/2

[Event "28. Offene Internationale Bayerische Schachmeisterschaft"]
[Site "Gmund am Tegernsee"]
[Date "2025.11.04"]
[Round "4"]
[Board "38"]
[White "Yelisieiev, Yevhenii"]
[Black "Poelt, Christoph"]
[Result "1-0"]
[WhiteElo "2388"]
[BlackElo "2153"]
[PlyCount "0"]
[EventDate "2025.11.01"]
[EventRounds "9"]
[EventCountry "GER"]

1. d4 Nf6 2. c4 g6 3. Nc3 d5 4. Nf3 Bg7 5. Qb3 c6 6. cxd5 Nxd5 7. e4 Nxc3 8. bxc3
Qb6 9. Ba3 Qxb3 10. axb3 Nd7 11. Bd3 b6 12. O-O-O Bb7 13. c4 a5 14. Rhe1 c5 15. d5
Ne5 16. Nxe5 Bxe5 17. g3 g5 18. Bb2 f6 19. Bxe5 fxe5 20. f4 gxf4 21. gxf4 exf4 22.
e5 a4 23. Kb2 e6 24. Rg1 axb3 25. Rg7 O-O-O 26. Be4 Rd7 27. Rxd7 Kxd7 28. dxe6+ Kc8
29. Bd5 Re8 30. Kxb3 f3 31. Rf1 Rf8 32. Ka4 Ba6 33. Bxf3 Kd8 34. Rd1+ Ke7 35. Bd5
Rf4 36. Kb3 Bc8 37. Ra1 Rf5 38. Be4 Ke8 39. e7  1-0

[Event "28. Offene Internationale Bayerische Schachmeisterschaft"]
[Site "Gmund am Tegernsee"]
[Date "2025.11.04"]
[Round "4"]
[Board "39"]
[White "Garcia Ramos, Marcos"]
[Black "Mkrtchian, Lilit"]
[Result "1/2-1/2"]
[WhiteElo "2145"]
[BlackElo "2372"]
[PlyCount "0"]
[EventDate "2025.11.01"]
[EventRounds "9"]
[EventCountry "GER"]

1. e4 c6 2. d4 d5 3. exd5 cxd5 4. Bd3 Nc6 5. c3 e6 6. Bf4 Bd6 7. Bxd6 Qxd6 8. Nf3
Nge7 9. O-O O-O 10. Re1 Bd7 11. Nbd2 f6 12. c4 Be8 13. Qe2 Bf7 14. Rac1 Rae8 15.
cxd5 exd5 16. Bb5 Nf5 17. Qd3 Rxe1+ 18. Rxe1 Bg6 19. Qc3 Rc8 20. Bd3 Qb4 21. Bxf5
Bxf5 22. Re3 Qb6 23. Qb3 Qxb3 24. Rxb3 Na5 25. Rc3 Rxc3 26. bxc3 Kf7 27. Kf1 Ke7
28. Ke2 Kd6 29. Ne1 Kc6 30. Nd3  1/2-1/2

[Event "28. Offene Internationale Bayerische Schachmeisterschaft"]
[Site "Gmund am Tegernsee"]
[Date "2025.11.04"]
[Round "4"]
[Board "40"]
[White "Martin, Julian"]
[Black "Schneider, Bernd"]
[Result "1-0"]
[WhiteElo "2360"]
[BlackElo "2146"]
[PlyCount "0"]
[EventDate "2025.11.01"]
[EventRounds "9"]
[EventCountry "GER"]

1. e4 c6 2. d4 d5 3. e5 Bf5 4. h4 h5 5. Bd3 Bxd3 6. Qxd3 e6 7. Bg5 Qb6 8. Nd2 Nh6
9. Ngf3 Nf5 10. O-O Nd7 11. c4 Qa6 12. Qc3 dxc4 13. Nxc4 Nb6 14. Ne3 Nxe3 15. fxe3
Nd5 16. Qc2 Nb4 17. Qf2 Qd3 18. Nd2 Qg6 19. e4 Rc8 20. a3 Na6 21. Rac1 Rc7 22. Rc3
Be7 23. Bxe7 Rxe7 24. Rg3 Qh6 25. Nc4 Rf8 26. Nd6+ Kd8 27. d5 c5 28. b4 b6 29. Qe2
 1-0

[Event "28. Offene Internationale Bayerische Schachmeisterschaft"]
[Site "Gmund am Tegernsee"]
[Date "2025.11.04"]
[Round "4"]
[Board "41"]
[White "Isbilir, Levin"]
[Black "Morawietz, Dieter"]
[Result "1/2-1/2"]
[WhiteElo "2137"]
[BlackElo "2346"]
[PlyCount "0"]
[EventDate "2025.11.01"]
[EventRounds "9"]
[EventCountry "GER"]

1. e4 c5 2. Nf3 e6 3. d4 cxd4 4. Nxd4 Nc6 5. Nc3 d6 6. g4 Nge7 7. Be3 a6 8. f4 b5
9. h4 Bb7 10. Nb3 Rc8 11. Qf3 Na5 12. O-O-O Qc7 13. Rh2 h5 14. Bxb5+ Nec6 15. Ba4
Nc4 16. Bd4 hxg4 17. Qxg4 Ke7 18. Bxc6 Qxc6 19. Re2 f6 20. e5 dxe5 21. fxe5 f5 22.
Qg6 Qe8 23. Qg5+ Kf7 24. Rg1 Kg8 25. Nc5 Bf3 26. Rf2 Rh5 27. Qg3 Ba8 28. Nd3 Qd7
29. Nf4 Rh6 30. Qg5 Qxd4 31. Qxh6 Qxf2 32. Qxe6+ Kh7 33. Qxf5+ Kg8 34. Qe6+ Kh7 35.
Qf5+ Kg8 36. Rxg7+  1/2-1/2

[Event "28. Offene Internationale Bayerische Schachmeisterschaft"]
[Site "Gmund am Tegernsee"]
[Date "2025.11.04"]
[Round "4"]
[Board "42"]
[White "Kaiser, Elmar"]
[Black "Weber, Ulrich"]
[Result "0-1"]
[WhiteElo "2116"]
[BlackElo "2343"]
[PlyCount "0"]
[EventDate "2025.11.01"]
[EventRounds "9"]
[EventCountry "GER"]

1. e4 c5 2. Nf3 d6 3. Bb5+ Nd7 4. Ba4 a6 5. c3 Ngf6 6. Bc2 e6 7. d4 cxd4 8. cxd4
Be7 9. O-O b5 10. b3 Bb7 11. Nbd2 O-O 12. Bb2 Rc8 13. Re1 Re8 14. Nf1 Bf8 15. Ng3
g6 16. Qd2 Qb6 17. Rad1 a5 18. Bd3 b4 19. Qe2 Bg7 20. h3 Red8 21. Nd2 Ne8 22. Nc4
Qa7 23. e5 dxe5 24. dxe5 Nc5 25. Qe3 Qb8 26. Bb1 Bd5 27. Nxa5 Qc7 28. Nc4 Bxc4 29.
bxc4 Rxd1 30. Rxd1 Na4 31. Bd4 Qxc4 32. Bd3 Qc7 33. Ba6 Rd8 34. Bb5 Qa5 35. Bc4 Nc3
36. Rc1 Nd5 37. Qb3 Nf4 38. Bb2 Nc7 39. Ne4 Ne8 40. g3 Nxh3+ 41. Kg2 Bxe5 42. Kxh3
Bxb2 43. Qxb2 Qf5+ 44. Kh2 Qxe4 45. Qxb4 Nf6 46. Qc3 Ng4+ 47. Kg1 Rc8 48. Rc2 Rd8
49. Rc1 Qf5 50. f3 Qc5+ 51. Kh1 Qh5+  0-1

[Event "28. Offene Internationale Bayerische Schachmeisterschaft"]
[Site "Gmund am Tegernsee"]
[Date "2025.11.04"]
[Round "4"]
[Board "43"]
[White "Nitin, S."]
[Black "Weidenhoefer, Max"]
[Result "1-0"]
[WhiteElo "2337"]
[BlackElo "2139"]
[PlyCount "0"]
[EventDate "2025.11.01"]
[EventRounds "9"]
[EventCountry "GER"]

1. e4 c6 2. d4 d5 3. e5 Bf5 4. Nd2 e6 5. Nb3 Nd7 6. Nf3 Ne7 7. Be2 Nc8 8. O-O Be7
9. a4 O-O 10. a5 a6 11. Be3 Na7 12. Ne1 Qc7 13. Bd3 Bxd3 14. Nxd3 Rae8 15. Qg4 f5
16. Qg3 Rf7 17. h4 Bf8 18. h5 Qc8 19. Rfc1 Nb5 20. Nd2 Qd8 21. Nf3 Be7 22. c3 Nf8
23. b3 Nc7 24. Nf4 Qd7 25. Nh3 Qc8 26. Ne1 Bd8 27. Nd3 Be7 28. Ra4 Qd8 29. Ra2 Nb5
30. Qf4 Qd7 31. c4 Nc7 32. Qf3 Qd8 33. Qg3 Bh4 34. Qf3 Be7 35. Qe2 Kh8 36. Qd2 Kg8
37. f3 Kh8 38. Ng5 Bxg5 39. Bxg5 Qb8 40. h6 g6 41. Qb4 Nd7 42. Qd6 Kg8 43. Kh1 Qc8
44. Rac2 Qb8 45. Kh2 Qc8 46. Nf4 Nf8 47. Qb4 Rd7 48. Nd3 dxc4 49. bxc4 Rxd4 50. Nc5
Nd5 51. Qb2  1-0

[Event "28. Offene Internationale Bayerische Schachmeisterschaft"]
[Site "Gmund am Tegernsee"]
[Date "2025.11.04"]
[Round "4"]
[Board "44"]
[White "Forchert, Martin"]
[Black "Neuhoff, Laertes"]
[Result "1-0"]
[WhiteElo "2336"]
[BlackElo "2136"]
[PlyCount "0"]
[EventDate "2025.11.01"]
[EventRounds "9"]
[EventCountry "GER"]

1. e4 c5 2. Nf3 a6 3. Nc3 Nc6 4. d4 cxd4 5. Nxd4 Qb6 6. Be3 Nxd4 7. Bxd4 Qa5 8. Bc4
e6 9. O-O b5 10. Bb3 Ne7 11. f4 Nc6 12. Be3 Be7 13. e5 Bb7 14. Qd2 Qc7 15. Rad1 Na5
16. f5 Nxb3 17. axb3 Bc5 18. Bxc5 Qxc5+ 19. Rf2 Qc7 20. Qf4 Bc6 21. Ne4 Bxe4 22.
Qxe4 Rd8 23. fxe6 dxe6 24. Rxd8+ Qxd8 25. Qc6+ Qd7 26. Qa8+ Qd8 27. Qxd8+ Kxd8 28.
Rxf7  1-0

[Event "28. Offene Internationale Bayerische Schachmeisterschaft"]
[Site "Gmund am Tegernsee"]
[Date "2025.11.05"]
[Round "5"]
[Board "1"]
[White "Hardaway, Brewington"]
[Black "Gumularz, Szymon"]
[Result "0-1"]
[WhiteElo "2522"]
[BlackElo "2584"]
[PlyCount "0"]
[EventDate "2025.11.01"]
[EventRounds "9"]
[EventCountry "GER"]

1. e4 c5 2. Nc3 d6 3. d4 cxd4 4. Qxd4 Nc6 5. Qd2 g6 6. b3 Bh6 7. f4 f5 8. Bb2 Nf6
9. O-O-O Rf8 10. Nge2 Nxe4 11. Qe1 Nf6 12. Nd5 Nxd5 13. Rxd5 Rf7 14. Kb1 Bg7 15.
Nc3 Kf8 16. h4 h5 17. Qg3 Rf6 18. Rd1 Be6 19. Nd5 Bxd5 20. Rxd5 e6 21. Rd2 d5 22.
Be2 Ne7 23. Bd1 Rc8 24. Re1 Rc6 25. Qg5 Rf7 26. Bxg7+ Rxg7 27. Qf6+ Rf7 28. Qe5 Kg8
29. Rd3 Kh7 30. Bf3 Rd6 31. Qe2 Ng8 32. Re3 Re7 33. Qd2 Qb6 34. Rd3 Nf6 35. Re5 Red7
36. Qe2 Kg7 37. Rc3 Qg1+ 38. Kb2 Qd4 39. Ree3 Ne4 40. Bxe4 dxe4 41. Kb1 e5 42. Qf2
exf4 43. Qxf4 Qf6 44. Qg5 Rc6 45. Qxf6+ Kxf6 46. Rxc6+ bxc6 47. Rc3 f4 48. Rxc6+
Kf5 49. Rc5+ Kg4 50. Rg5+ Kxh4 51. Rxg6 e3 52. Re6 Kg3 53. Re4 Kxg2 54. Rxf4 e2  0-1

[Event "28. Offene Internationale Bayerische Schachmeisterschaft"]
[Site "Gmund am Tegernsee"]
[Date "2025.11.05"]
[Round "5"]
[Board "2"]
[White "Gholami Orimi, Mahdi"]
[Black "Tabatabaei, M. Amin"]
[Result "1/2-1/2"]
[WhiteElo "2513"]
[BlackElo "2681"]
[PlyCount "0"]
[EventDate "2025.11.01"]
[EventRounds "9"]
[EventCountry "GER"]

1. d4 d5 2. c4 e6 3. Nc3 Nf6 4. cxd5 exd5 5. Bg5 c6 6. e3 h6 7. Bh4 Be7 8. Bd3 O-O
9. Qc2 Re8 10. Nge2 Nbd7 11. h3 Nf8 12. O-O Nh5 13. Bxe7 Qxe7 14. Rab1 a5 15. Na4
Nd7 16. Kh1 g6 17. a3 Ng7 18. Ng1 Rb8 19. Nf3 Nf6 20. b4 axb4 21. axb4 Bf5 22. Bxf5
Nxf5 23. b5 Ne4 24. bxc6 bxc6 25. Nc5  1/2-1/2

[Event "28. Offene Internationale Bayerische Schachmeisterschaft"]
[Site "Gmund am Tegernsee"]
[Date "2025.11.05"]
[Round "5"]
[Board "3"]
[White "Engel, Luis"]
[Black "Chasin, Nico"]
[Result "1-0"]
[WhiteElo "2567"]
[BlackElo "2512"]
[PlyCount "0"]
[EventDate "2025.11.01"]
[EventRounds "9"]
[EventCountry "GER"]

1. e4 e5 2. Nf3 Nf6 3. Nxe5 d6 4. Nf3 Nxe4 5. c4 Nc6 6. d3 Nf6 7. d4 g6 8. Nc3 Bg7
9. d5 Ne7 10. Be2 O-O 11. O-O c6 12. dxc6 bxc6 13. Qa4 Qb6 14. Qa3 c5 15. Bf4 Bb7
16. Rad1 Nf5 17. Rfe1 Rfe8 18. Qb3 Ne4 19. Nxe4 Bxe4 20. Bd3 Bxd3 21. Rxe8+ Rxe8
22. Rxd3 Qxb3 23. Rxb3 Nd4 24. Re3 Rxe3 25. fxe3 Ne2+ 26. Kf2 Nxf4 27. exf4 Bxb2
28. Ng5 Kf8 29. Nxh7+ Ke7 30. Ng5 f6 31. Ne4 f5 32. Ng5 d5 33. cxd5 Kd6 34. Ne6 Bc1
35. h4 Kxd5 36. Nf8 Bxf4 37. Nxg6 Bh6 38. Ke2 Kd4 39. Ne7 Ke4 40. Ng8 Bf8 41. h5
c4 42. h6 Ke5 43. h7 Bg7 44. Ne7 Kf6 45. Nc6 a6 46. Nb8 Kg6 47. Nxa6 Kxh7 48. a4
Kg6 49. Nb4 Bf8 50. Nc6 Kg5 51. a5 Kf4 52. Nd4 Kg4 53. Ne6 Bd6 54. a6 Bb8 55. Kd2
Kg3 56. Nd4 c3+ 57. Kxc3 f4 58. Ne2 Kxg2 59. Nxf4+ Kf3 60. Nd3 Ke3 61. Kc4 Ke4 62.
Nc5 Ke3 63. Kd5 Ba7 64. Nd7  1-0

[Event "28. Offene Internationale Bayerische Schachmeisterschaft"]
[Site "Gmund am Tegernsee"]
[Date "2025.11.05"]
[Round "5"]
[Board "4"]
[White "Celik, Hasan Huseyin"]
[Black "Abdisalimov, Abdimalik"]
[Result "0-1"]
[WhiteElo "2494"]
[BlackElo "2553"]
[PlyCount "0"]
[EventDate "2025.11.01"]
[EventRounds "9"]
[EventCountry "GER"]

1. Nf3 c5 2. c4 Nf6 3. Nc3 e6 4. g3 b6 5. Bg2 Bb7 6. O-O Be7 7. d4 cxd4 8. Qxd4 d6
9. Rd1 a6 10. b3 Nbd7 11. Bb2 O-O 12. Rac1 Qb8 13. Qe3 Rc8 14. Nd4 Bxg2 15. Kxg2
Bf8 16. f3 Qb7 17. Qd2 Rc5 18. Ba3 Re5 19. e4 b5 20. cxb5 axb5 21. Bb4 d5 22. Bxf8
Rxf8 23. exd5 b4 24. Ne4 Nxe4 25. fxe4 Rxe4 26. Nf3 Nf6 27. dxe6 fxe6 28. Qd3 Ng4
29. Re1 Rd4 30. Qxd4 Qxf3+ 31. Kg1 Nf2  0-1

[Event "28. Offene Internationale Bayerische Schachmeisterschaft"]
[Site "Gmund am Tegernsee"]
[Date "2025.11.05"]
[Round "5"]
[Board "5"]
[White "Ioannidis, Evgenios"]
[Black "Bauer, Christian"]
[Result "0-1"]
[WhiteElo "2479"]
[BlackElo "2550"]
[PlyCount "0"]
[EventDate "2025.11.01"]
[EventRounds "9"]
[EventCountry "GER"]

1. d4 e6 2. c4 d5 3. Nf3 Nf6 4. Nc3 dxc4 5. e4 b5 6. e5 Nd5 7. Nxb5 Nb6 8. Be2 Qd7
9. Na3 Bxa3 10. bxa3 Bb7 11. O-O Bd5 12. Be3 Nc6 13. Nd2 O-O 14. Qc2 Rfd8 15. Rfd1
h6 16. Rac1 Na5 17. Qc3 Qb5 18. Rb1 Na4 19. Qc2 Qc6 20. f3 Rab8 21. Rb4 Nb6 22. Rc1
Qe8 23. Rbb1 Nc6 24. Bd1 Ne7 25. Bf2 Nf5 26. Be2 Qe7 27. Rb4 Qg5 28. Nf1 Bb7 29.
Qd2 Nxd4 30. Bxd4 Rxd4 31. Qxg5 hxg5 32. Ne3 Ba6 33. Bxc4 Bxc4 34. Nxc4 Rbd8 35.
Ne3 Rd3 36. Rb3 Rxb3 37. axb3 Rd3 38. Kf2 Rxb3 39. a4 Ra3 40. a5 Ra2+ 41. Kg3 Rxa5
42. Rxc7 Rxe5 43. Kf2  0-1

[Event "28. Offene Internationale Bayerische Schachmeisterschaft"]
[Site "Gmund am Tegernsee"]
[Date "2025.11.05"]
[Round "5"]
[Board "6"]
[White "Stocek, Jiri"]
[Black "Pultinevicius, Paulius"]
[Result "0-1"]
[WhiteElo "2471"]
[BlackElo "2542"]
[PlyCount "0"]
[EventDate "2025.11.01"]
[EventRounds "9"]
[EventCountry "GER"]

1. d4 Nf6 2. Nf3 e6 3. c4 d5 4. Nc3 Nbd7 5. Bg5 Bb4 6. cxd5 exd5 7. e3 c5 8. dxc5
Qa5 9. Rc1 Ne4 10. Qxd5 Nxc3 11. bxc3 Bxc3+ 12. Kd1 O-O 13. Bd3 Nxc5 14. Be7 Nxd3
15. Qxd3 Re8 16. Qxc3 Qa4+ 17. Qc2 Qd7+ 18. Ke2 Qxe7 19. Rhd1 b6 20. Qa4 a5 21. Kf1
b5 22. Qf4 Be6 23. Nd4 Bxa2 24. Nxb5 Bb3 25. Rd3 a4 26. Rdc3 Red8 27. h4 Qb7 28.
Nd4 Bd5 29. Rc7 Qb2 30. h5 h6 31. R7c2 a3 32. Kg1 Qb6 33. Nf5 Qf6 34. Rc7 Kh8 35.
e4 Be6 36. g4 Ra4 37. f3 Bxf5 38. Qxf5 Qd4+  0-1

[Event "28. Offene Internationale Bayerische Schachmeisterschaft"]
[Site "Gmund am Tegernsee"]
[Date "2025.11.05"]
[Round "5"]
[Board "7"]
[White "Parvanyan, Ashot"]
[Black "Visakh, N R"]
[Result "1/2-1/2"]
[WhiteElo "2428"]
[BlackElo "2540"]
[PlyCount "0"]
[EventDate "2025.11.01"]
[EventRounds "9"]
[EventCountry "GER"]

1. Nf3 Nf6 2. c4 e6 3. g3 d5 4. d4 Bb4+ 5. Bd2 a5 6. Bg2 O-O 7. Qc2 c5 8. cxd5 cxd4
9. Nxd4 Qb6 10. e3 exd5 11. a3 Bxd2+ 12. Nxd2 Nc6 13. N2f3 Bg4 14. O-O Rfc8 15. Qd3
Ne4 16. Qb5 Qxb5 17. Nxb5 Bxf3 18. Bxf3 Ne5 19. Bxe4 dxe4 20. Nd6 Rc2 21. Nxe4 g6
22. Rfd1 Rxb2 23. Rd5 Ng4 24. h3 Re8 25. hxg4 Rxe4 26. g5 b5 27. Rc1 Re8 28. Rc7
Rb3 29. a4 bxa4 30. Rxa5 a3 31. Raa7 Rf8 32. Rc5 Rfb8 33. Rcc7 Rf8 34. Kg2 Rb5 35.
Rxa3  1/2-1/2

[Event "28. Offene Internationale Bayerische Schachmeisterschaft"]
[Site "Gmund am Tegernsee"]
[Date "2025.11.05"]
[Round "5"]
[Board "8"]
[White "Sasikiran, Krishnan"]
[Black "Rathanvel, V S"]
[Result "1/2-1/2"]
[WhiteElo "2535"]
[BlackElo "2483"]
[PlyCount "0"]
[EventDate "2025.11.01"]
[EventRounds "9"]
[EventCountry "GER"]

1. d4 Nf6 2. c4 e6 3. g3 d5 4. Bg2 Be7 5. Nf3 O-O 6. O-O Nbd7 7. Nc3 dxc4 8. a4 c5
9. e4 cxd4 10. Qxd4 Nc5 11. Qxc4 b6 12. e5 Ba6 13. Nb5 Nd5 14. Rd1 Kh8 15. b4 Nd7
16. Bd2 Bb7 17. h4 a6 18. Nbd4 Qc7 19. Qxc7 Nxc7 20. Rac1 Nd5 21. Nc6 Bxc6 22. Rxc6
Bxb4 23. Bxb4 Nxb4 24. Rc7 Nc5 25. Ng5 Rac8 26. Nxf7+ Kg8 27. Rxc8 Rxc8 28. Nd8 Ncd3
29. Nxe6 Nxe5 30. Bh3  1/2-1/2

[Event "28. Offene Internationale Bayerische Schachmeisterschaft"]
[Site "Gmund am Tegernsee"]
[Date "2025.11.05"]
[Round "5"]
[Board "9"]
[White "Vrolijk, Liam"]
[Black "Zelbel, Patrick"]
[Result "1/2-1/2"]
[WhiteElo "2521"]
[BlackElo "2465"]
[PlyCount "0"]
[EventDate "2025.11.01"]
[EventRounds "9"]
[EventCountry "GER"]

1. e4 c5 2. Nf3 d6 3. d4 cxd4 4. Nxd4 Nf6 5. Nc3 a6 6. Be2 e5 7. Nb3 Be7 8. O-O O-O
9. Re1 h6 10. Bf3 Be6 11. h3 Re8 12. Be3 Nbd7 13. a4 Nb6 14. Nd2 Rc8 15. a5 Nc4 16.
Nxc4 Rxc4 17. Na4 Nd7 18. b3 Rc6 19. Bd2 Qb8 20. c4 Bd8 21. Nc3 b6 22. axb6 Bxb6
23. Nd5 Bd4 24. Ra3 Bxd5 25. exd5 Rb6 26. b4 Rxb4 27. Bxb4 Qxb4 28. Rxa6 Nc5 29.
Ra2 Qxc4 30. Qc2 Qxc2 31. Rxc2 Rb8 32. Rd1 g6 33. Rc4 Kg7 34. Rcxd4 exd4 35. Rxd4
Rb1+ 36. Kh2 Rb2 37. Kg1 Rb1+ 38. Kh2 Rb2 39. Kg1 f5 40. g4 Kf6 41. gxf5 Kxf5 42.
Kg2 Ra2 43. Rd1 Ra4 44. Rb1 Nd3 45. Rb3 Rd4 46. Kg3 Nf4 47. Re3 h5 48. h4 Nxd5 49.
Bxd5 Rxd5 50. Re8 Re5 51. Rf8+ Ke4 52. Rf6 d5 53. f4 Re8 54. Rxg6 d4 55. f5 Kxf5
56. Rg5+ Ke4 57. Rxh5 Ke3 58. Rd5 d3 59. h5 d2 60. Rxd2 Kxd2 61. Kf4 Kd3 62. h6 Rf8+
63. Kg5 Ke4 64. h7 Ke5 65. Kg6 Ke6 66. Kg7 Ke7 67. h8=Q Rxh8 68. Kxh8  1/2-1/2

[Event "28. Offene Internationale Bayerische Schachmeisterschaft"]
[Site "Gmund am Tegernsee"]
[Date "2025.11.05"]
[Round "5"]
[Board "10"]
[White "Delitzsch, Juergen"]
[Black "Ghazarian, Kirk"]
[Result "0-1"]
[WhiteElo "2144"]
[BlackElo "2520"]
[PlyCount "0"]
[EventDate "2025.11.01"]
[EventRounds "9"]
[EventCountry "GER"]

1. e4 c5 2. Nf3 d6 3. Bb5+ Nd7 4. Ba4 Ngf6 5. O-O e6 6. Re1 a6 7. c4 Be7 8. Nc3 O-O
9. Bc2 Qc7 10. b3 b6 11. Bb2 Bb7 12. d4 cxd4 13. Nxd4 Rac8 14. Rc1 Qb8 15. Bb1 Rfd8
16. Qd3 Bf8 17. Qh3 Re8 18. Kh1 g6 19. f4 Bg7 20. f5 exf5 21. exf5 Rxe1+ 22. Rxe1
Re8 23. Rf1 Ne5 24. Bc1 Qc8 25. Bd2 Qc5 26. Nce2 d5 27. Bg5 Neg4 28. Qg3 dxc4 29.
h3 Ne4 30. Bxe4 Bxe4 31. f6 Qxg5 32. fxg7 Bd3 33. Re1 Bxe2 34. Nxe2 Qd2 35. hxg4
Rxe2 36. Rxe2 Qxe2 37. bxc4 Qxc4 38. Qb8+ Kxg7 39. Qxb6 h6 40. Qb2+ Kg8 41. Qd2 Qxg4
42. Qd8+ Kg7 43. Qd6 Qe6 44. Qd2 g5 45. a4 Qf6 46. Qe1 Qd4 47. Qa5 Qd6 48. Qe1 Kg6
49. Qb1+ Qd4 50. a5+ Kg7 51. Qb4 Qf6 52. Qb6 h5 53. Kg1 h4 54. Qb4 Qe5 55. Kh1 Qe6
56. Qc3+ Kg6 57. Qd3+ Kh6 58. Qd8 Qe1+ 59. Kh2 Qe5+ 60. Kh1 Kg7 61. Qb6 Qg3 62. Qd4+
Kg8 63. Qd8+ h3 64. gxh3+ Kh7 65. Qd1 Qxh3+ 66. Qd8 Qh4+ 67. Kg1 Kg7 68. Qd5 Qf4
69. Qd8 Qf6 70. Qb6 Qe6 71. Kg2 Kf6 72. Qf2+ Kg7 73. Qd4+ Kg6 74. Qb6 Kf5 75. Qf2+
Ke4  0-1

[Event "28. Offene Internationale Bayerische Schachmeisterschaft"]
[Site "Gmund am Tegernsee"]
[Date "2025.11.05"]
[Round "5"]
[Board "11"]
[White "Costa, Leonardo"]
[Black "Litzka, Richard"]
[Result "1-0"]
[WhiteElo "2546"]
[BlackElo "2237"]
[PlyCount "0"]
[EventDate "2025.11.01"]
[EventRounds "9"]
[EventCountry "GER"]

1. d4 d5 2. c4 e6 3. Nc3 Nf6 4. cxd5 exd5 5. Bg5 c6 6. e3 h6 7. Bh4 Be7 8. Qc2 O-O
9. Bd3 Ne8 10. Bg3 Nd6 11. Nf3 Be6 12. O-O Nd7 13. a4 a5 14. Ne5 Qc8 15. Rac1 Nf6
16. f3 c5 17. Qe2 b6 18. e4 Qb7 19. exd5 Bf5 20. Nc6 Rfe8 21. Ne4 Bf8 22. Nxf6+ gxf6
23. Qd2 Bxd3 24. Qxd3 c4 25. Qc2 Qd7 26. Rfe1 Nf5 27. Qxc4 Nxg3 28. hxg3 Bd6 29.
Re4 Rxe4 30. fxe4 Qg4 31. e5 fxe5 32. dxe5 Bc5+ 33. Kh2 Qg5 34. Qf4 Be3 35. Qxg5+
hxg5 36. Re1 Bc5 37. Kh3  1-0

[Event "28. Offene Internationale Bayerische Schachmeisterschaft"]
[Site "Gmund am Tegernsee"]
[Date "2025.11.05"]
[Round "5"]
[Board "12"]
[White "Horvath, Dominik"]
[Black "Reichmann, Hendrik"]
[Result "1-0"]
[WhiteElo "2541"]
[BlackElo "2301"]
[PlyCount "0"]
[EventDate "2025.11.01"]
[EventRounds "9"]
[EventCountry "GER"]

1. g3 c5 2. Bg2 Nc6 3. d3 e5 4. Nc3 g6 5. f4 Bg7 6. Nf3 Nge7 7. fxe5 Nxe5 8. Nxe5
Bxe5 9. O-O d5 10. Bg5 Be6 11. Qd2 O-O 12. e4 f6 13. Bh6 Rf7 14. exd5 Nxd5 15. Rae1
Qd7 16. Ne4 Rc8 17. c3 Bh3 18. Nxc5 Rxc5 19. Bxh3 Qxh3 20. d4 Nc7 21. dxc5 Rd7 22.
Qe3 Nd5 23. Qxe5  1-0

[Event "28. Offene Internationale Bayerische Schachmeisterschaft"]
[Site "Gmund am Tegernsee"]
[Date "2025.11.05"]
[Round "5"]
[Board "13"]
[White "Gopal, G.N."]
[Black "Zude, Arno"]
[Result "1-0"]
[WhiteElo "2539"]
[BlackElo "2296"]
[PlyCount "0"]
[EventDate "2025.11.01"]
[EventRounds "9"]
[EventCountry "GER"]

1. e4 e5 2. Nf3 Nc6 3. Bb5 a6 4. Ba4 Nf6 5. O-O d6 6. Re1 Bd7 7. c3 g6 8. d4 Bg7
9. h3 O-O 10. Bc2 Nh5 11. Be3 Qe8 12. Nbd2 Kh8 13. a4 f5 14. dxe5 dxe5 15. a5 Rd8
16. Qe2 Bc8 17. Nc4 Nf4 18. Bxf4 exf4 19. Rad1 Rxd1 20. Qxd1 Qf7 21. Bb3 Qf6 22.
e5 Qe7 23. Nd4 Qc5 24. Nxc6 Qxc6 25. Nd2 Rd8 26. Qc2 Bf8 27. Nf3 Be7 28. h4 Qb5 29.
Ba2 c5 30. Bf7 Qxa5 31. Qc1 Qa4 32. c4 Kg7 33. Bd5 b5 34. e6 bxc4 35. Bxc4 Bb7 36.
Ne5 Rd4 37. b3 Qa5 38. Nd3 Qc7 39. h5 g5 40. Ne5 Re4 41. Rxe4 fxe4 42. Qc3 Qd6 43.
h6+ Kf6 44. Nc6+ Kf5 45. Nxe7+ Qxe7 46. Qg7  1-0

[Event "28. Offene Internationale Bayerische Schachmeisterschaft"]
[Site "Gmund am Tegernsee"]
[Date "2025.11.05"]
[Round "5"]
[Board "14"]
[White "Seifert, Volker"]
[Black "Dragnev, Valentin"]
[Result "0-1"]
[WhiteElo "2296"]
[BlackElo "2537"]
[PlyCount "0"]
[EventDate "2025.11.01"]
[EventRounds "9"]
[EventCountry "GER"]

1. d4 Nf6 2. c4 g6 3. Nc3 Bg7 4. e4 d6 5. f3 O-O 6. Nge2 c5 7. Be3 Nc6 8. Qd2 Qa5
9. Rd1 a6 10. b3 b5 11. dxc5 dxc5 12. Nd5 b4 13. Bf4 Ra7 14. Bg5 Nxd5 15. cxd5 Ne5
16. f4 Ng4 17. h3 Nf6 18. Bxf6 Bxf6 19. e5 Bg7 20. Nc1 f6 21. e6 f5 22. Ne2 Rd8 23.
Qe3 Rd6 24. g4 Qd8 25. Rc1 Rc7 26. Bg2 Bb7 27. gxf5 gxf5 28. Rxc5 Rxc5 29. Qxc5 Bxd5
30. O-O Bxe6 31. Qxb4 Rd2 32. Ng3 Qd4+ 33. Qxd4 Bxd4+ 34. Kh1 Rxa2 35. b4 Rb2 36.
Bb7 Bf2 37. Kg2 Be1+ 38. Kh1 Bxg3 39. Rg1 Rh2#  0-1